Primeiro amor (Record no. 187674)

MARC details
000 -LÍDER
campo de controle de tamanho fixo 00332 a2200157 4500
001 - NÚMERO DE CONTROLE
campo de controle 187674
020 ## - ISBN - INTERNATIONAL STANDARD BOOK NUMBER
ISBN - International Standard Book Number 85-305-0240-X
040 ## - FONTE DA CATALOGAÇÃO
Instituição que transcreveu o registro Magnum
100 ## - ENTRADA PRINCIPAL--NOME PESSOAL
Nome pessoal Galdino, Luiz de Alvarenga
240 10 - TÍTULO UNIFORME
Título uniforme Primeiro amor
Idioma da obra por
245 10 - TÍTULO
Título Primeiro amor
300 ## - DESCRIÇÃO FÍSICA
Extensão 127
362 0# - DATAS DE PUBLICAÇÃO E/OU DESIGNAÇÃO SEQUENCIAL
Datas de publicação e/ou designação sequencial 2001
697 ## - ENTRADA DE ASSUNTO LOCAL--ENTIDADE COLETIVA (RLIN)
Nome corporativo ou nome da jurisdição LITERATURA JUVENIL
942 ## - ELEMENTOS DE ENTRADA ADICIONADOS (KOHA)
Tipo de material Koha Livros
Holdings
Situação do descarte Situação das perdas Situação física Não pode ser emprestado Biblioteca de origem Biblioteca atual Data de aquisição Total de empréstimos Número de chamada completo Código de barras Data de último acesso Data do preço efetivo Tipo de material Koha
        Magnum Magnum 08/06/2024   869.3.298 MAG00058898 08/06/2024 08/06/2024 Livros
        Magnum Magnum 08/06/2024   869.3.298 MAG00058899 08/06/2024 08/06/2024 Livros
        Magnum Magnum 08/06/2024   869.3.298 MAG00058900 08/06/2024 08/06/2024 Livros